00725nam a2200217Ia 4500003000400000005001700004008004100021020001800062040001800080041000800098082002100106100002100127245016400148250001200312260004400324300002600368650002500394650003400419650003300453700002100486OSt20251203140151.0210716s2016 xx 000 0 und d a9781785880902 cAIMIT LIBRARY aeng a006.32 21bSOAF aSoares, Fabio M. aNeural network programming with java : bunleash the power of neural networks by implementing professional java code /cBy Fabio M Soares and Alan M F D Souza. a1st ed. aMumbai :bPackt Publishing Ltd ,c2016. axi,220p. ;bPBc24 cm aHandling perceptrons aClassifying disease diagnosis aClustering customer profiles aSouza, Alan M F.